Crimes against women and children: (Record no. 195946)

MARC details
000 -LEADER
fixed length control field 00641nam a2200193 4500
005 - DATE AND TIME OF LATEST TRANSACTION
control field 20230512112628.0
010 ## - LCCN (DPL NO)
LC control number ENG-136935
020 ## - INTERNATIONAL STANDARD BOOK NUMBER
International Standard Book Number 9789390692613
Terms of availability 1250.00
035 ## - SYSTEM CONTROL NUMBER
System control number EN-120467
037 ## - SOURCE OF ACQUISITION
Source of stock number/acquisition DBAD/PUB
082 ## - DEWEY DECIMAL CLASSIFICATION NUMBER
Classification number 364.1555
100 ## - MAIN ENTRY--PERSONAL NAME
Personal name Sungoh, S.M.
245 ## - TITLE STATEMENT
Title Crimes against women and children:
Remainder of title A Socio-Psychological Study/
Statement of responsibility, etc By S.M. Sungoh and B.P.Sahu
260 ## - PUBLICATION, DISTRIBUTION, ETC. (IMPRINT)
Place of publication, distribution, etc New Delhi
Name of publisher, distributor, etc Mittal Publications
Date of publication, distribution, etc 2021
270 ## - ADDRESS
Address 4594/9, Daryaganj
City New Delhi
Postal code 110002
Electronic mail address info@mittalbooks.com
Telephone number 23250398
Fax number 91-11-41564398
300 ## - PHYSICAL DESCRIPTION
Extent 309p
Dimensions 22cm(hbk)
700 ## - ADDED ENTRY--PERSONAL NAME
Personal name Sahu,B.P.
942 ## - ADDED ENTRY ELEMENTS (KOHA)
Source of classification or shelving scheme Dewey Decimal Classification
Item type English Books
Call number suffix SUN
Classification part 364.1555
Holdings
Withdrawn status Lost status Not for loan Collection code Home library Current library Date acquired Source of acquisition Cost, normal purchase price Full call number Barcode Copy number Cost, replacement price Koha item type
      Non-fiction Shahdara Branch Shahdara Branch 12/05/2023 DBAB/PUB 1250.00 364.1555 SUN EN-120467 1 1250.00 English Books

© Delhi Public Library
Hit Counter
free hit counter